00931nam a2200241 a 450000500170000000800410001704000250005804100080008308200200009111101530011124501280026426000320039230000260042461100240045065000140047465000290048865000300051765000340054765000320058165000350061365000250064865000160067320180803164935.0140303b1999 ir ||||fr|||| 10| 0 spa d aCO-BoIAVHcCO-BoIAVH aspa04a333.91813bC76p2 aConferencia de las partes contratantes en la Convención sobre los Humedales (RAMSAR Irán, 1971)cSan José (Costa Rica)d1999, Mayo 10 al 18n710aSeptima reunión de la Conferencia de las partes contratantes en la Convención sobre los Humedales (RAMSAR Irán, 1971) aSan José:bRamsar,c1999. a3 vol. ;c30 x 21 cm.2 aConvención RAMSAR 6aHumedales 6aHumedalesxLegislación 6aHumedalesxUso sostenible 6aHumedalesxEspecies invasoras 4aCooperación internacional 6aConservación de ecosistemas 6aPolítica ambiental 6aEcosistemas